• 首页
  • 本馆介绍
  • 公告通知
  • 最新文献
  • 馆藏检索
  • 电子资源
  • 读者导购
  • 参考咨询
  • 我的图书馆
  • 登录
  • 详细信息显示
  • 放入我的书架
  • 预约/预借图书
  • 作者相关作品
  • 分类相关作品
  • 丛书相关作品
  • 出版社相关作品

书目信息

  • 表格格式
  • 工作单格式
  • 卡片格式
题名:
微波传播衰落及抗衰落技术
    
 
作者: 高玉龙 编
分册:  
出版信息: 北京   人民邮电出版社  1984
页数: 294页
开本: 19cm
丛书名: 微波接力通信技术丛书
单 册:
中图分类: TN925
科图分类:
主题词: 微波通信-衰落--防止 , 衰落-微波通信--防止
电子资源:
ISBN:
000 00797nam2 2200265 45
001 0184016430
005 20051226105329.43
010    @dCNY1.75
091    @a15045.总3004-无6322
100    @a19950510d1984 em y0chiy0121 ea
101 0  @achi
102    @aCN@b110000
105    @ay z 000yy
200 10 @a微波传播衰落及抗衰落技术@Awei bo chuan bo shuan luo ji kang shuan luo ji shu@f高玉龙编@Fgao yu long bian
210    @a北京@c人民邮电出版社@d1984
215    @a294页@d19cm
225 2  @a微波接力通信技术丛书
410  0 @120010@a微波接力通信技术丛书
606    @a微波通信-衰落@x防止
606    @a衰落-微波通信@x防止
690    @aTN925@v3 
701  0 @a高玉龙@Agao yu long@4编
801  2 @aCN@bNLC@c20051226
801  0 @aCN@b上海图书馆@c20040517
905    @f4@b143500-503@dTN925@e12
    
    微波传播衰落及抗衰落技术/高玉龙编.-北京:人民邮电出版社,1984
    294页;19cm.-(微波接力通信技术丛书)
    
    
    ISBN :CNY1.75
    
●
相关链接 在E读中查询图书 在五车中查询图书 在当当中查询图书 在豆瓣中查询图书


正题名:微波传播衰落及抗衰落技术     索取号:TN925/12         预约/预借

序号 登录号 条形码 馆藏地/架位号 状态 备注
1 0143500   001323909   第三借阅区/ [索取号:TN925/12] 在馆    
2 0143501   001323945   第三借阅区/ [索取号:TN925/12] 在馆    
3 0143502   001324294   第二样本阅览室/ [索取号:TN925/12] 在馆    
4 0143503   001323865   第三借阅区/ [索取号:TN925/12] 在馆    
5 0143504   202180594   密集书库/ [索取号:TN925/12] 在馆    
唐山师范学院图书馆 欢迎您!
大连网信软件有限公司© 版权所有